|
|
|
|
| LEADER |
00000nab a2200000 a 4500 |
| 001 |
vtls000580307 |
| 003 |
SK-MaSNL |
| 005 |
20260303223341.0 |
| 008 |
120930c1996 xo 0 slo |
| 015 |
|
|
|a SNBRB19rr/mm-uuuuu
|
| 035 |
|
|
|a CL0580445
|
| 040 |
|
|
|a SNKBUCL
|b slo
|c SNKBUCL
|e AACR2
|
| 041 |
0 |
|
|a slo
|
| 044 |
|
|
|a xo
|c SK
|
| 080 |
|
|
|a 82:929:894.541
|2 1981
|
| 080 |
|
|
|a 894.541
|2 1981
|
| 100 |
1 |
|
|a Kiiskinen, Jyrki,
|d 1963-
|4 ive
|9 239594
|
| 245 |
1 |
0 |
|a Kartograf oka
|c Jyrki Kiiskinen, Zuzana Drábeková
|
| 300 |
|
|
|b Fotogr. 1
|
| 500 |
|
|
|a Súčasťou rozhovoru úryvky z románu Muž z močiara
|
| 600 |
1 |
7 |
|a Kiiskinen, Jyrki,
|d 1963-
|2 snkbucl
|9 239594
|
| 655 |
|
7 |
|a rozhovory
|2 snkbucl
|9 31831
|
| 655 |
|
7 |
|a články z odboru literárna veda a krásna literatúra
|2 snkbucl
|9 770045
|
| 655 |
|
7 |
|a články z novín a časopisov
|2 snkbucl
|9 267496
|
| 700 |
1 |
|
|a Drábeková, Zuzana,
|d 1958-
|4 ivr
|9 105789
|
| 773 |
0 |
|
|t Knižná revue
|g Roč. 6, č. 7 (1996), s. 6
|x 1210-1982
|
| 850 |
|
|
|a Slovenská národná knižnica v Martine
|a MTA001
|
| 852 |
|
|
|a SNK
|b KIS3GCP
|
| 958 |
|
|
|a RK
|
| 958 |
|
|
|a LX
|
| 992 |
|
|
|a RBX
|
| 999 |
|
|
|c 2247366
|d 2249296
|